[Event "Stm_aut06"]
[Site "KOeflach, Stmk"]
[Date "2006.09.02"]
[Round "1"]
[Board "1"]
[White "Pilaj, Herwig"]
[Black "Neubauer, Martin"]
[Result "1/2-1/2"]
[WhiteElo "2380"]
[BlackElo "2480"]
[PlyCount "42"]
[EventDate "2006.09.02"]
[EventRounds "9"]
[EventCountry "AUT"]

1.e4 e5 2.Nf3 Nc6 3.Bb5 a6 4.Bxc6 dxc6 5.O-O f6 6.d4 exd4 7.Nxd4 c5 8.Ne2 Qxd1
9.Rxd1 Bd7 10.Nbc3 O-O-O 11.Be3 Re8 12.Rd2 Bc6 13.Rad1 b6 14.f3 Ne7 15.Kf2 Ng6
16.Nd5 Kb7 17.c4 h5 18.Nef4 Ne5 19.b3 Bd6 20.h3 Bd7 21.Nd3 Nxd3+

[Event "Stm_aut06"]
[Site "KOeflach, Stmk"]
[Date "2006.09.02"]
[Round "1"]
[Board "1"]
[White "Sommerbauer, Norbert"]
[Black "Diermair, Andreas"]
[Result "1/2-1/2"]
[WhiteElo "2468"]
[BlackElo "2357"]
[PlyCount "39"]
[EventDate "2006.09.02"]
[EventRounds "9"]
[EventCountry "AUT"]

1.d4 Nf6 2.Nf3 e6 3.c4 b6 4.g3 Ba6 5.b3 Bb4+ 6.Bd2 Be7 7.Bg2 c6 8.O-O d5 9.Ne5
Nfd7 10.Nxd7 Nxd7 11.Bc3 O-O 12.Nd2 Rc8 13.a4 Bf6 14.e4 c5 15.exd5 exd5 16.Bxd5
cxd4 17.Bb4 Re8 18.Nf3 Ne5 19.Nxd4 Nxc4 20.Nc6

[Event "Stm_aut06"]
[Site "KOeflach, Stmk"]
[Date "2006.09.02"]
[Round "1"]
[Board "1"]
[White "Zsifkovits, Robert"]
[Black "Freitag, Manfred"]
[Result "1/2-1/2"]
[WhiteElo "2158"]
[BlackElo "2413"]
[PlyCount "142"]
[EventDate "2006.09.02"]
[EventRounds "9"]
[EventCountry "AUT"]

1.e4 c5 2.Nf3 d6 3.d4 cxd4 4.Nxd4 Nf6 5.Nc3 a6 6.Bc4 e6 7.O-O b5 8.Bb3 Be7 9.Qf3
Qc7 10.Qg3 Nc6 11.Nxc6 Qxc6 12.Re1 Bb7 13.f3 O-O 14.Bh6 Qc5+ 15.Kh1 Ne8 16.Rad1
Qh5 17.Be3 Qh4 18.Bf2 Qxg3 19.Bxg3 Rc8 20.Rd2 h5 21.h3 Bf6 22.Red1 Bxc3 23.bxc3
Rxc3 24.Bxd6 Nxd6 25.Rxd6 Bc6 26.Ra1 Rb8 27.Rd2 g5 28.a4 Kg7 29.axb5 Bxb5 30.Kg1
Kf6 31.Kf2 h4 32.Ra5 Rbc8 33.Ra1 Ke5 34.g3 Rh8 35.Rg1 Kf6 36.Re1 hxg3+ 37.Kxg3
Ke5 38.Ra1 Rh4 39.Kg2 Rf4 40.Rf2 Kd4 41.Ba4 Kc5 42.Bxb5 axb5 43.Ra8 Kb4 44.Rg8
Rc5 45.Rb8 e5 46.Rb7 f6 47.Rb8 Kc3 48.Rb7 b4 49.Rb6 Rc4 50.Rb8 Rc6 51.Rb7 Rh4
52.Rb8 Rh7 53.Kg3 Rd7 54.Kg4 Rd1 55.Kg3 Rg1+ 56.Kh2 Rd1 57.Kg3 Rd4 58.Kg4 Rdd6
59.h4 gxh4 60.Kxh4 Rb6 61.Ra8 Kb2 62.c4+ Kc3 63.c5 Ra6 64.Rb8 Rdc6 65.Rf1 b3
66.Rc1+ Kb2 67.Rc4 Rc7 68.Rcb4 Ra3 69.R4b5 Kc3 70.Kg4 Kc4 71.Rb4+ Kc3

[Event "Stm_aut06"]
[Site "KOeflach, Stmk"]
[Date "2006.09.03"]
[Round "2"]
[Board "1"]
[White "Kuba, Guenter"]
[Black "Freitag, Manfred"]
[Result "1/2-1/2"]
[WhiteElo "2391"]
[BlackElo "2413"]
[PlyCount "66"]
[EventDate "2006.09.02"]
[EventRounds "9"]
[EventCountry "AUT"]

1.e4 c5 2.Nf3 d6 3.Bb5+ Nd7 4.d4 Ngf6 5.Nc3 cxd4 6.Qxd4 e5 7.Qd3 h6 8.Be3 Be7
9.O-O-O a6 10.Bc4 Qc7 11.g4 Nc5 12.Bxc5 Qxc5 13.g5 Nh5 14.Qd5 Qxd5 15.Nxd5 Bg4
16.Nc7+ Kd8 17.Nxa8 Bxf3 18.Bxf7 Bxg5+ 19.Kb1 Nf6 20.Bg6 Bxh1 21.Rxh1 Kd7
22.Nb6+ Kc7 23.Na4 b5 24.Nc3 Bd2 25.Ne2 Rf8 26.Rd1 Bb4 27.a3 Bc5 28.f3 Ng8
29.Rd3 Ne7 30.Bh5 g6 31.Bg4 Ng8 32.b4 Bf2 33.c4 bxc4

[Event "Stm_aut06"]
[Site "KOeflach, Stmk"]
[Date "2006.09.03"]
[Round "2"]
[Board "1"]
[White "Diermair, Andreas"]
[Black "Zsifkovits, Robert"]
[Result "1/2-1/2"]
[WhiteElo "2357"]
[BlackElo "2158"]
[PlyCount "95"]
[EventDate "2006.09.02"]
[EventRounds "9"]
[EventCountry "AUT"]

1.e4 e5 2.Nf3 Nf6 3.Nxe5 d6 4.Nf3 Nxe4 5.d4 d5 6.Bd3 Nc6 7.O-O Be7 8.c4 Nb4
9.Be2 Bf5 10.a3 Nc6 11.Nc3 Nxc3 12.bxc3 O-O 13.Re1 Re8 14.Bf4 Bd6 15.Bxd6 Qxd6
16.c5 Qd8 17.Bb5 Bg4 18.Rxe8+ Qxe8 19.Rb1 Qe7 20.h3 Bxf3 21.Qxf3 Qe6 22.Rb2 Rd8
23.Re2 Qd7 24.Qe3 h6 25.g4 Kf8 26.Qf4 Kg8 27.Kh2 a6 28.Bd3 Ne7 29.Rb2 c6 30.Qg3
Qc8 31.Re2 Qd7 32.f3 Kf8 33.a4 Qc8 34.Qe5 Qb8 35.Qxb8 Rxb8 36.Rb2 a5 37.Ba6 Ke8
38.Rxb7 Rxb7 39.Bxb7 Kd7 40.Ba6 g5 41.Bd3 Kd8 42.Kg3 Kc7 43.h4 Kd8 44.f4 f6
45.hxg5 hxg5 46.Kf3 Kc7 47.c4 Kb7 48.fxg5

[Event "Stm_aut06"]
[Site "KOeflach, Stmk"]
[Date "2006.09.03"]
[Round "2"]
[Board "1"]
[White "Ragger, Markus"]
[Black "Sommerbauer, Norbert"]
[Result "1-0"]
[WhiteElo "2456"]
[BlackElo "2468"]
[PlyCount "73"]
[EventDate "2006.09.02"]
[EventRounds "9"]
[EventCountry "AUT"]

1.e4 c5 2.Nf3 Nc6 3.d4 cxd4 4.Nxd4 e6 5.Nc3 Qc7 6.Be3 Nf6 7.f4 Bb4 8.Ndb5 Qa5
9.e5 Ne4 10.Qd3 Nxc3 11.bxc3 Be7 12.Bd2 O-O 13.Be2 f6 14.O-O fxe5 15.fxe5 Nxe5
16.Qg3 d6 17.Bh6 Ng6 18.Bd3 Rf6 19.Rxf6 Bxf6 20.Rf1 Qd8 21.Bxg6 hxg6 22.Nxd6 Bd7
23.Ne4 Be8 24.Bg5 Qb6+ 25.Be3 Qd8 26.Qg4 e5 27.Bg5 Bd7 28.Qh4 Bf5 29.Nxf6+ gxf6
30.Bxf6 Qb6+ 31.Kh1 Re8 32.Qh8+ Kf7 33.Qg7+ Ke6 34.Bxe5 Qe3 35.Qf6+ Kd5 36.Qd6+
Kc4 37.Rd1

[Event "Stm_aut06"]
[Site "KOeflach, Stmk"]
[Date "2006.09.03"]
[Round "2"]
[Board "1"]
[White "Neubauer, Martin"]
[Black "Stanec, Nikolaus"]
[Result "1/2-1/2"]
[WhiteElo "2480"]
[BlackElo "2517"]
[PlyCount "36"]
[EventDate "2006.09.02"]
[EventRounds "9"]
[EventCountry "AUT"]

1.e4 c6 2.d4 d5 3.Nc3 a6 4.h3 b5 5.Bd3 dxe4 6.Nxe4 Qxd4 7.Nf3 Qd8 8.Neg5 Nh6
9.Nxh7 Nd7 10.Bxh6 gxh6 11.Nxf8 Kxf8 12.Qd2 Nf6 13.O-O-O Be6 14.Qc3 Bd5 15.Be4
Qd6 16.Bxd5 cxd5 17.Qe3 Rc8 18.g4 Ne4

[Event "Stm_aut06"]
[Site "KOeflach, Stmk"]
[Date "2006.09.04"]
[Round "3"]
[Board "1"]
[White "Pilaj, Herwig"]
[Black "Kuba, Guenter"]
[Result "1/2-1/2"]
[WhiteElo "2380"]
[BlackElo "2391"]
[PlyCount "34"]
[EventDate "2006.09.02"]
[EventRounds "9"]
[EventCountry "AUT"]

1.e4 e5 2.Nf3 Nc6 3.d4 exd4 4.Nxd4 Bc5 5.Nxc6 Qf6 6.Qf3 Qxf3 7.gxf3 bxc6 8.Nd2
Ne7 9.Nb3 Bb6 10.a4 a5 11.Be3 Bxe3 12.fxe3 d6 13.O-O-O Be6 14.Nd4 Bd7 15.Rg1 g6
16.Rd2 c5 17.Nb5 O-O-O

[Event "Stm_aut06"]
[Site "KOeflach, Stmk"]
[Date "2006.09.04"]
[Round "3"]
[Board "1"]
[White "Sommerbauer, Norbert"]
[Black "Neubauer, Martin"]
[Result "1/2-1/2"]
[WhiteElo "2468"]
[BlackElo "2480"]
[PlyCount "40"]
[EventDate "2006.09.02"]
[EventRounds "9"]
[EventCountry "AUT"]

1.d4 d5 2.c4 e6 3.Nc3 Nf6 4.Bg5 Be7 5.e3 O-O 6.Nf3 h6 7.Bh4 Ne4 8.Bxe7 Qxe7
9.Qc2 Nxc3 10.Qxc3 dxc4 11.Bxc4 b6 12.O-O Bb7 13.Be2 c5 14.dxc5 Rc8 15.b4 bxc5
16.b5 a6 17.a4 axb5 18.axb5 Nd7 19.Rxa8 Bxa8 20.Rc1 Nb6

[Event "Stm_aut06"]
[Site "KOeflach, Stmk"]
[Date "2006.09.04"]
[Round "3"]
[Board "1"]
[White "Zsifkovits, Robert"]
[Black "Ragger, Markus"]
[Result "0-1"]
[WhiteElo "2158"]
[BlackElo "2456"]
[PlyCount "124"]
[EventDate "2006.09.02"]
[EventRounds "9"]
[EventCountry "AUT"]

1.e4 c5 2.Nf3 Nc6 3.a3 e6 4.d4 cxd4 5.Nxd4 Bc5 6.Nb3 Bb6 7.Bd3 Nge7 8.Nc3 O-O
9.Qh5 f5 10.Be3 f4 11.Bd2 Ng6 12.g3 Nce5 13.Be2 f3 14.Bf1 a6 15.Na4 Ba7 16.Ba5
b6 17.Bb4 b5 18.Nac5 d6 19.O-O-O Qe7 20.Nd3 Nc6 21.Bc3 Bd7 22.Bh3 Rac8 23.Bg4
Qf7 24.Rhf1 Bb8 25.Qh3 Rcd8 26.Nb4 Nxb4 27.Bxb4 e5 28.Rd3 Bxg4 29.Qxg4 Rc8
30.Rfd1 Ne7 31.Kb1 Kh8 32.Bxd6 Bxd6 33.Rxd6 Qc4 34.R1d2 Ng6 35.h4 b4 36.axb4
Qxb4 37.h5 Ne7 38.Rd7 Rce8 39.Qe6 Ng8 40.Qd6 Qxe4 41.Qc7 Rc8 42.Qb7 Qxb7 43.Rxb7
e4 44.Rd1 e3 45.fxe3 f2 46.Rf1 Rce8 47.Rd7 Rxe3 48.Rdd1 Nh6 49.Nc5 Ng4 50.Nd3 h6
51.Rd2 Rxg3 52.Nxf2 Rg2 53.Rd6 Rfxf2 54.Rxf2 Rxf2 55.Rxa6 Rf5 56.b4 Rxh5 57.Kb2
Rf5 58.c4 Ne5 59.Kc3 h5 60.Kd4 h4 61.Ke4 Rh5 62.Ra1 Nxc4

[Event "Stm_aut06"]
[Site "KOeflach, Stmk"]
[Date "2006.09.04"]
[Round "3"]
[Board "1"]
[White "Freitag, Manfred"]
[Black "Diermair, Andreas"]
[Result "0-1"]
[WhiteElo "2413"]
[BlackElo "2357"]
[PlyCount "96"]
[EventDate "2006.09.02"]
[EventRounds "9"]
[EventCountry "AUT"]

1.e4 e5 2.Nf3 Nc6 3.Bb5 a6 4.Bxc6 dxc6 5.O-O Qd6 6.Na3 Be6 7.Qe2 f6 8.c3 c5
9.Rd1 Bg4 10.Nc2 Qc6 11.d4 cxd4 12.cxd4 Bxf3 13.gxf3 Ne7 14.f4 O-O-O 15.d5 Qd7
16.fxe5 fxe5 17.Rd3 Ng6 18.Be3 Nh4 19.Bg5 Be7 20.Bxh4 Bxh4 21.Qh5 Qe7 22.Ne3 g6
23.Qg4+ Kb8 24.Ng2 Bg5 25.Rb3 Rhf8 26.Rf1 h5 27.Qe2 Rd6 28.f3 Rdf6 29.Ne1 Bf4
30.Nd3 g5 31.Kh1 Ka8 32.Qf2 g4 33.Qc5 Qg7 34.Qc2 gxf3 35.Ne1 f2 36.Nf3 Rg8
37.Qxf2 Rg6 38.Rg1 Rg4 39.Rxg4 hxg4 40.Ng1 Qh6 41.Ne2 Rf8 42.Qg2 Be3 43.h3 gxh3
44.Qg4 Rf1+ 45.Kh2 Qf8 46.Ng3 Rf2+ 47.Kxh3 Bf4 48.Qg6 Bxg3

[Event "Stm_aut06"]
[Site "KOeflach, Stmk"]
[Date "2006.09.05"]
[Round "4"]
[Board "1"]
[White "Kuba, Guenter"]
[Black "Diermair, Andreas"]
[Result "1-0"]
[WhiteElo "2391"]
[BlackElo "2357"]
[PlyCount "61"]
[EventDate "2006.09.02"]
[EventRounds "9"]
[EventCountry "AUT"]

1.e4 e5 2.Nf3 Nc6 3.Nc3 Nf6 4.d4 exd4 5.Nxd4 Bb4 6.Nxc6 bxc6 7.Bd3 d5 8.exd5
cxd5 9.O-O O-O 10.Bg5 c6 11.Qf3 Be7 12.Rfe1 Be6 13.Ne2 h6 14.Bh4 Qd7 15.Nd4 Rab8
16.Bf5 Kh8 17.Nxe6 fxe6 18.Rxe6 Qb7 19.Rae1 Bd8 20.Bg3 Ra8 21.Bd6 Rg8 22.h3 Qf7
23.Bd3 a5 24.Qf5 Ra7 25.Be5 Qd7 26.g3 Rb7 27.b3 a4 28.Bxf6 gxf6 29.Qh5 Qg7
30.Re8 Re7 31.R8xe7

[Event "Stm_aut06"]
[Site "KOeflach, Stmk"]
[Date "2006.09.05"]
[Round "4"]
[Board "1"]
[White "Ragger, Markus"]
[Black "Freitag, Manfred"]
[Result "1/2-1/2"]
[WhiteElo "2456"]
[BlackElo "2413"]
[PlyCount "89"]
[EventDate "2006.09.02"]
[EventRounds "9"]
[EventCountry "AUT"]

1.e4 c5 2.Nf3 d6 3.d4 cxd4 4.Nxd4 Nf6 5.Nc3 a6 6.Be2 e5 7.Nb3 Be7 8.O-O O-O
9.Kh1 b6 10.Be3 Bb7 11.f3 b5 12.a4 b4 13.Nd5 Nxd5 14.exd5 Nd7 15.c4 bxc3 16.bxc3
Rc8 17.Qd2 h6 18.Bf2 Qc7 19.c4 Nb6 20.Qb4 Nd7 21.Rfd1 Rb8 22.Qa3 a5 23.Rac1 Rfc8
24.Bd3 Rd8 25.Rb1 Ra8 26.Nd2 Ba6 27.Ne4 Bf8 28.Rbc1 Rdb8 29.c5 Nxc5 30.Bxc5 dxc5
31.d6 Qb6 32.Qxc5 Bxd3 33.Rxd3 Qxc5 34.Nxc5 Rb6 35.d7 Rd8 36.Nb3 Rb7 37.Nxa5
Rbxd7 38.Rxd7 Rxd7 39.Nc6 Ba3 40.Rb1 Rc7 41.Nxe5 Bd6 42.Nd3 Rc3 43.Rd1 Ra3
44.Nb2 Bc5 45.Nd3

[Event "Stm_aut06"]
[Site "KOeflach, Stmk"]
[Date "2006.09.05"]
[Round "4"]
[Board "1"]
[White "Neubauer, Martin"]
[Black "Zsifkovits, Robert"]
[Result "1-0"]
[WhiteElo "2480"]
[BlackElo "2158"]
[PlyCount "119"]
[EventDate "2006.09.02"]
[EventRounds "9"]
[EventCountry "AUT"]

1.e4 e5 2.Bc4 Nf6 3.d3 Nc6 4.Nf3 Be7 5.O-O O-O 6.Bb3 d6 7.c3 Na5 8.Bc2 c5 9.a3
Nc6 10.Re1 Nd7 11.b4 Bf6 12.Nbd2 Re8 13.Nc4 Nf8 14.Ba4 Be6 15.Be3 Bxc4 16.dxc4
Ne6 17.Rb1 Qe7 18.Re2 Red8 19.Bxc6 bxc6 20.Rd2 Qc7 21.Qa4 Rab8 22.g3 h6 23.Kg2
Rdc8 24.Qd1 Rd8 25.h4 Be7 26.Nh2 Nf8 27.Qh5 cxb4 28.cxb4 a5 29.Bxh6 gxh6 30.Ng4
Ng6 31.Nxh6+ Kf8 32.Qf5 Bxh4 33.Rh1 Qe7 34.gxh4 Kg7 35.Qg5 Qxg5+ 36.hxg5 axb4
37.Nf5+ Kg8 38.axb4 d5 39.exd5 cxd5 40.cxd5 Rxd5 41.Rxd5 Nf4+ 42.Kg3 Nxd5 43.Re1
Nxb4 44.Rxe5 Nc6 45.Rc5 Nd8 46.f4 Ne6 47.Rc4 Ra8 48.Kg4 Rb8 49.Ra4 Rd8 50.Ra7
Rb8 51.Nh6+ Kh8 52.Nxf7+ Kg8 53.Nh6+ Kh8 54.g6 Ng7 55.Nf5 Nxf5 56.Kxf5 Kg8
57.Kf6 Rb6+ 58.Kg5 Rb8 59.f5 Rb5 60.Kh6

[Event "Stm_aut06"]
[Site "KOeflach, Stmk"]
[Date "2006.09.05"]
[Round "4"]
[Board "1"]
[White "Pilaj, Herwig"]
[Black "Stanec, Nikolaus"]
[Result "1/2-1/2"]
[WhiteElo "2380"]
[BlackElo "2517"]
[PlyCount "22"]
[EventDate "2006.09.02"]
[EventRounds "9"]
[EventCountry "AUT"]

1.e4 e5 2.Nf3 d6 3.d4 exd4 4.Nxd4 Nf6 5.Nc3 Be7 6.Qf3 O-O 7.Nf5 Bxf5 8.Qxf5 Nc6
9.Be3 g6 10.Qh3 a6 11.O-O-O Qc8

[Event "Stm_aut06"]
[Site "KOeflach, Stmk"]
[Date "2006.09.06"]
[Round "5"]
[Board "1"]
[White "Neubauer, Martin"]
[Black "Diermair, Andreas"]
[Result "0-1"]
[WhiteElo "2480"]
[BlackElo "2357"]
[PlyCount "72"]
[EventDate "2006.09.02"]
[EventRounds "9"]
[EventCountry "AUT"]

1.e4 c6 2.d4 d5 3.e5 Bf5 4.Nf3 e6 5.Be2 Nd7 6.O-O Bg6 7.Nbd2 Nh6 8.Nb3 Nf5 9.c3
Qb6 10.g4 Nh6 11.Nh4 Be7 12.Ng2 c5 13.dxc5 Qc7 14.h4 Nxe5 15.h5 Be4 16.f3 O-O-O
17.Bf4 g5 18.Bh2 f5 19.fxe4 dxe4 20.Qc1 f4 21.Bxf4 gxf4 22.Qxf4 Nhf7 23.Qxe4 Ng5
24.Qe3 Rd3 25.Qxd3 Nxd3 26.Bxd3 Qg3 27.Be2 Nh3+ 28.Kh1 Nf2+ 29.Kg1 Nh3+ 30.Kh1
Nf2+ 31.Kg1 Nxg4 32.Bxg4 Qxg4 33.Rf2 Rg8 34.Raf1 e5 35.Rc2 Bg5 36.Re1 Be3+

[Event "Stm_aut06"]
[Site "KOeflach, Stmk"]
[Date "2006.09.06"]
[Round "5"]
[Board "1"]
[White "Stanec, Nikolaus"]
[Black "Sommerbauer, Norbert"]
[Result "1/2-1/2"]
[WhiteElo "2517"]
[BlackElo "2468"]
[PlyCount "77"]
[EventDate "2006.09.02"]
[EventRounds "9"]
[EventCountry "AUT"]

1.e4 c5 2.Nf3 e6 3.c4 Nc6 4.Nc3 e5 5.g3 g6 6.Bg2 Bg7 7.d3 d6 8.O-O Nge7 9.a3 O-O
10.Rb1 Nd4 11.Nxd4 cxd4 12.Nd5 Nxd5 13.exd5 Bf5 14.f4 Qd7 15.fxe5 Bxe5 16.Bh6
Rfe8 17.Qd2 Re7 18.Rf2 f6 19.Rbf1 Bh3 20.Bxh3 Qxh3 21.Bf4 f5 22.Bg5 Rf7 23.b4 b6
24.Re1 a5 25.Bf4 axb4 26.Qxb4 Bxf4 27.Rxf4 g5 28.Rf2 f4 29.Qxd6 fxg3 30.Qxg3
Qxg3+ 31.hxg3 Rxa3 32.d6 Rd7 33.Re8+ Kg7 34.Re7+ Rxe7 35.dxe7 Ra1+ 36.Kg2 Re1
37.Rf5 Kg6 38.Rb5 Rxe7 39.Rxb6+

[Event "Stm_aut06"]
[Site "KOeflach, Stmk"]
[Date "2006.09.07"]
[Round "6"]
[Board "1"]
[White "Sommerbauer, Norbert"]
[Black "Zsifkovits, Robert"]
[Result "1/2-1/2"]
[WhiteElo "2468"]
[BlackElo "2158"]
[PlyCount "70"]
[EventDate "2006.09.02"]
[EventRounds "9"]
[EventCountry "AUT"]

1.e4 e5 2.Nf3 Nf6 3.Nc3 Nc6 4.d4 exd4 5.Nxd4 Bb4 6.Nxc6 bxc6 7.Bd3 d5 8.exd5
cxd5 9.O-O O-O 10.Bg5 c6 11.Qf3 Bd6 12.Rae1 Rb8 13.Nd1 Be6 14.b3 a5 15.Ne3 h6
16.Bxf6 Qxf6 17.Qxf6 gxf6 18.Nf5 Bxf5 19.Bxf5 Rfe8 20.Bd7 Rxe1 21.Rxe1 c5 22.Bc6
d4 23.g3 Kg7 24.Bd5 f5 25.f4 Kf6 26.Kf1 Rd8 27.Bc4 Rb8 28.Re2 Rh8 29.Bb5 Rb8
30.Bd3 a4 31.Bc4 a3 32.c3 dxc3 33.Rc2 Bc7 34.Rxc3 Ba5 35.Rd3 Rd8

[Event "Stm_aut06"]
[Site "KOeflach, Stmk"]
[Date "2006.09.08"]
[Round "7"]
[Board "1"]
[White "Zsifkovits, Robert"]
[Black "Kuba, Guenter"]
[Result "1/2-1/2"]
[WhiteElo "2158"]
[BlackElo "2391"]
[PlyCount "60"]
[EventDate "2006.09.02"]
[EventRounds "9"]
[EventCountry "AUT"]

1.e4 e5 2.Nf3 Nc6 3.Bb5 a6 4.Ba4 Nf6 5.O-O Be7 6.Re1 b5 7.Bb3 O-O 8.a4 Bb7 9.d3
d6 10.Nbd2 Na5 11.Ba2 c5 12.c3 b4 13.cxb4 cxb4 14.Nc4 Nxc4 15.Bxc4 a5 16.Bg5 h6
17.Bxf6 Bxf6 18.Rb1 Rc8 19.b3 g6 20.Nd2 Bg7 21.Nf1 d5 22.exd5 Bxd5 23.Ne3 Bb7
24.Qe2 h5 25.Rbd1 Qd4 26.Nc2 Qh4 27.Ne3 Rfd8 28.Nf1 Qg5 29.f3 Kh7 30.Qe3 Qxe3+

[Event "Stm_aut06"]
[Site "KOeflach, Stmk"]
[Date "2006.09.08"]
[Round "7"]
[Board "1"]
[White "Freitag, Manfred"]
[Black "Sommerbauer, Norbert"]
[Result "1/2-1/2"]
[WhiteElo "2413"]
[BlackElo "2468"]
[PlyCount "89"]
[EventDate "2006.09.02"]
[EventRounds "9"]
[EventCountry "AUT"]

1.d4 d5 2.Nf3 c5 3.c4 cxd4 4.cxd5 Nf6 5.Qxd4 Qxd5 6.Nc3 Qxd4 7.Nxd4 a6 8.Bg5
Nbd7 9.g3 e5 10.Nf3 Bb4 11.Bxf6 Bxc3+ 12.bxc3 gxf6 13.Bg2 Nc5 14.Nd2 Be6 15.Nb3
Rc8 16.Nxc5 Rxc5 17.Bxb7 Rxc3 18.Bxa6 Ra3 19.Bd3 O-O 20.O-O Rfa8 21.Rfb1 Rxa2
22.Rxa2 Rxa2 23.Rb4 Kg7 24.f3 h6 25.g4 Ra1+ 26.Kf2 Rc1 27.Kg3 Rg1+ 28.Kf2 Rc1
29.h3 Rd1 30.Rb5 Rc1 31.f4 exf4 32.Kf3 Rf1+ 33.Kg2 Ra1 34.Kf3 Ra4 35.Rc5 Rd4
36.Be4 Bc4 37.e3 Be2+ 38.Kxf4 Rb4 39.Rd5 Ra4 40.Rd4 Ra7 41.Rb4 Rc7 42.Bd5 Ba6
43.Rb6 Bc8 44.e4 Rc3 45.Rc6

[Event "Stm_aut06"]
[Site "KOeflach, Stmk"]
[Date "2006.09.09"]
[Round "8"]
[Board "1"]
[White "Sommerbauer, Norbert"]
[Black "Pilaj, Herwig"]
[Result "1/2-1/2"]
[WhiteElo "2468"]
[BlackElo "2380"]
[PlyCount "27"]
[EventDate "2006.09.02"]
[EventRounds "9"]
[EventCountry "AUT"]

1.e4 e6 2.d4 d5 3.Nc3 Bb4 4.e5 c5 5.a3 Bxc3+ 6.bxc3 Qa5 7.Bd2 Qa4 8.Qb1 c4 9.h4
f6 10.Qd1 Nc6 11.Qg4 Kf8 12.Kd1 fxe5 13.Rh3 Nge7 14.dxe5

[Event "Stm_aut06"]
[Site "KOeflach, Stmk"]
[Date "2006.09.09"]
[Round "8"]
[Board "1"]
[White "Diermair, Andreas"]
[Black "Ragger, Markus"]
[Result "1-0"]
[WhiteElo "2357"]
[BlackElo "2456"]
[PlyCount "117"]
[EventDate "2006.09.02"]
[EventRounds "9"]
[EventCountry "AUT"]

1.e4 e5 2.Nf3 Nc6 3.Bb5 a6 4.Ba4 Nf6 5.O-O Be7 6.Re1 b5 7.Bb3 d6 8.c3 O-O 9.h3
Na5 10.Bc2 c5 11.d4 Qc7 12.Nbd2 cxd4 13.cxd4 Nc6 14.Nb3 a5 15.Be3 a4 16.Nbd2 Bd7
17.Rc1 Rac8 18.Nf1 Qb8 19.Ng3 Rfe8 20.Qd2 Bd8 21.d5 Ba5 22.dxc6 Bxd2 23.cxd7
Nxd7 24.Bxd2 Nb6 25.b3 axb3 26.Bxb3 g6 27.Bb4 Nc4 28.Red1 Red8 29.Ne2 h6 30.Nc3
Nb2 31.Rd5 Na4 32.Rdd1 Nxc3 33.Bxc3 b4 34.Bd2 Kg7 35.Rb1 Rc6 36.Bd5 Rb6 37.Ne1
Rc8 38.Nd3 Rc2 39.Ne1 Rc7 40.Rb2 f5 41.Rdb1 fxe4 42.Bxe4 Qg8 43.Be3 Rb5 44.a4
Rb8 45.Rd2 Rd7 46.Bc6 Rdd8 47.Nf3 Qe6 48.Ba7 Rbc8 49.Bd5 Qf5 50.Rxb4 Rc1+ 51.Kh2
Rb1 52.Nh4 Qg5 53.Rxb1 Qxh4 54.Rb7+ Kh8 55.Rc2 Qf4+ 56.g3 Qf5 57.Rcc7 g5 58.a5
Qd3 59.Rh7+

[Event "Stm_aut06"]
[Site "KOeflach, Stmk"]
[Date "2006.09.10"]
[Round "9"]
[Board "1"]
[White "Sommerbauer, Norbert"]
[Black "Kuba, Guenter"]
[Result "1/2-1/2"]
[WhiteElo "2468"]
[BlackElo "2391"]
[PlyCount "64"]
[EventDate "2006.09.02"]
[EventRounds "9"]
[EventCountry "AUT"]

1.e4 e5 2.Nf3 Nc6 3.Nc3 Nf6 4.d4 exd4 5.Nxd4 Bb4 6.Nxc6 bxc6 7.Bd3 d5 8.exd5
cxd5 9.O-O O-O 10.Bg5 c6 11.Qf3 Be7 12.Rae1 Re8 13.h3 Rb8 14.b3 Be6 15.Ne2 h6
16.Bf4 Bd6 17.Nd4 Bxf4 18.Qxf4 Qb6 19.Nxe6 Rxe6 20.Rxe6 fxe6 21.Re1 Kf7 22.Qg3
g5 23.h4 Rg8 24.Qd6 Re8 25.hxg5 hxg5 26.Re3 e5 27.Rf3 Qd8 28.Qxc6 e4 29.Rxf6+
Qxf6 30.Qxd5+ Kf8 31.Bxe4 Qa1+ 32.Kh2 Qh8+

[Event "Stm_aut06"]
[Site "KOeflach, Stmk"]
[Date "2006.09.10"]
[Round "9"]
[Board "1"]
[White "Ragger, Markus"]
[Black "Neubauer, Martin"]
[Result "1/2-1/2"]
[WhiteElo "2456"]
[BlackElo "2480"]
[PlyCount "50"]
[EventDate "2006.09.02"]
[EventRounds "9"]
[EventCountry "AUT"]

1.e4 e5 2.Nf3 Nf6 3.d4 Nxe4 4.Bd3 d5 5.Nxe5 Nd7 6.Nxd7 Bxd7 7.O-O Bd6 8.c4 c6
9.cxd5 cxd5 10.Nc3 Nxc3 11.bxc3 O-O 12.Qh5 g6 13.Qxd5 Qc7 14.Qf3 Qxc3 15.Bh6
Rfe8 16.Qf6 Bf8 17.Bxf8 Rxf8 18.Be4 Bc6 19.Rac1 Qa5 20.Bxc6 bxc6 21.Rxc6 Qxa2
22.Ra6 Qd5 23.Rfa1 Rad8 24.Rxa7 Qxd4 25.Qxd4 Rxd4